[Event "OP-2012-0-02434"]
[Site "LSS email"]
[Date "2012.10.03"]
[Round "?"]
[White "Hickl, Norbert"]
[Black "Sas, Istvan"]
[Result "1-0"]
[WhiteElo "999"]
[BlackElo "695"]
[PlyCount "21"]
[EventDate "2012.09.29"]
[EventType "tourn (corr)"]
[EventRounds "4"]
[EventCountry "GER"]
[SourceTitle "Corr 2015"]
[Source "ChessBase"]
[SourceDate "2015.07.17"]
[SourceVersion "1"]
[SourceVersionDate "2015.07.17"]
[SourceQuality "1"]

1. c4 Nc6 2. g3 d5 3. cxd5 Qxd5 4. Nf3 Bg4 5. Bg2 Nf6 6. h3 0-0-0 7. hxg4 Qe6 8. Ng5 Qxg4 9. Nxf7 Ne4 10. Nxd8 Nf6 11. Bh3 1-0

[Event "OP-2012-0-02434"]
[Site "LSS email"]
[Date "2012.10.03"]
[Round "?"]
[White "Sas, Istvan"]
[Black "Basson, Heinrich"]
[Result "0-1"]
[WhiteElo "695"]
[BlackElo "1452"]
[PlyCount "50"]
[EventDate "2012.09.29"]
[EventType "tourn (corr)"]
[EventRounds "4"]
[EventCountry "GER"]
[SourceTitle "Telechess CBM 165"]
[Source "ChessBase"]
[SourceDate "2015.03.11"]
[SourceVersion "1"]
[SourceVersionDate "2015.03.11"]
[SourceQuality "1"]

1. e4 d5 2. e5 c5 3. h3 Nc6 4. f4 e6 5. Nf3 Be7 6. Bb5 Bd7 7. d3 Qa5+ 8. Nc3 d4 9. Bxc6 Bxc6 10. Bd2 dxc3 11. Bxc3 Qa4 12. Bd2 Nh6 13. b3 Qa3 14. Rf1 Nf5 15. Bc1 Qa6 16. Kf2 c4 17. dxc4 Rd8 18. Qe2 Bc5+ 19. Ke1 Ng3 20. Qd2 Qb6 21. Qc3 Bb4 22. Qxb4 Qxb4+ 23. Bd2 Rxd2 24. Nxd2 Qc3 25. Rc1 Qe3+ 0-1

[Event "RN-2012-0-00539"]
[Site "LSS email"]
[Date "2012.10.01"]
[Round "?"]
[White "Cherry, Brian"]
[Black "Sas, Istvan"]
[Result "0-1"]
[WhiteElo "686"]
[BlackElo "695"]
[PlyCount "64"]
[EventDate "2012.09.21"]
[EventType "tourn (corr)"]
[EventRounds "6"]
[EventCountry "GER"]
[SourceTitle "Telechess CBM 165"]
[Source "ChessBase"]
[SourceDate "2015.03.11"]
[SourceVersion "1"]
[SourceVersionDate "2015.03.11"]
[SourceQuality "1"]

1. e4 e5 2. Nf3 d6 3. b3 Nf6 4. d4 Qe7 5. Nc3 Bg4 6. d5 c6 7. Be2 cxd5 8. Nxd5 Nxd5 9. Qxd5 Nc6 10. c3 Be6 11. Qb5 Rc8 12. Qd3 h6 13. 0-0 a6 14. Ba3 Rd8 15. Rfd1 Qc7 16. Qc2 Bg4 17. Rd3 Bxf3 18. Bxf3 Be7 19. Rad1 0-0 20. g3 Nd4 21. Qb2 Nb5 22. c4 Nd4 23. Bb4 Nc6 24. Ba3 Nd4 25. Bg2 Rd7 26. Qd2 Bg5 27. f4 exf4 28. Rxd4 fxg3 29. Bxd6 Bxd2 30. Bxc7 Rxd4 31. Bxg3 Be3+ 32. Bf2 Rxd1+ 0-1

[Event "OP-2012-0-02433"]
[Site "LSS email"]
[Date "2012.10.01"]
[Round "?"]
[White "Sas, Istvan"]
[Black "Sherwood, Russell"]
[Result "0-1"]
[WhiteElo "695"]
[BlackElo "2186"]
[PlyCount "50"]
[EventDate "2012.09.28"]
[EventType "tourn (corr)"]
[EventRounds "4"]
[EventCountry "GER"]
[SourceTitle "Telechess CBM 165"]
[Source "ChessBase"]
[SourceDate "2015.03.11"]
[SourceVersion "1"]
[SourceVersionDate "2015.03.11"]
[SourceQuality "1"]

1. e4 c5 2. Nc3 Nc6 3. Nf3 d6 4. d4 cxd4 5. Nxd4 Nf6 6. Bb5 Bd7 7. h3 g6 8. 0-0 Bg7 9. Bg5 0-0 10. Nf3 a6 11. Bxc6 Bxc6 12. Qe2 Re8 13. Rad1 Nd7 14. Qe3 Qb6 15. b3 Qxe3 16. Bxe3 Bxc3 17. Rd3 Bg7 18. Bd4 Bxe4 19. Rdd1 Bxf3 20. gxf3 Bxd4 21. Rxd4 b5 22. Re1 Rac8 23. c4 bxc4 24. bxc4 Ne5 25. Rc1 Nxf3+ 0-1

[Event "RN-2012-0-00539"]
[Site "LSS email"]
[Date "2012.10.01"]
[Round "?"]
[White "Sas, Istvan"]
[Black "Venturas, Bob"]
[Result "1-0"]
[WhiteElo "695"]
[BlackElo "724"]
[PlyCount "47"]
[EventDate "2012.09.21"]
[EventType "tourn (corr)"]
[EventRounds "6"]
[EventCountry "GER"]
[SourceTitle "Telechess CBM 165"]
[Source "ChessBase"]
[SourceDate "2015.03.11"]
[SourceVersion "1"]
[SourceVersionDate "2015.03.11"]
[SourceQuality "1"]

1. e4 e5 2. Nf3 Nc6 3. Bb5 d6 4. h3 h6 5. Bxc6+ bxc6 6. Nc3 Ba6 7. d3 Nf6 8. Na4 Rb8 9. b3 Bb5 10. Nb2 Be7 11. 0-0 0-0 12. Nh4 Nxe4 13. Nf5 Qd7 14. Qg4 Bf6 15. Qxe4 d5 16. Qg4 g5 17. Nxh6+ Kh7 18. Qxd7 Kxh6 19. Qf5 Kg7 20. Bxg5 Bxg5 21. Qxg5+ Kh8 22. Qxe5+ Kh7 23. Rfe1 Rh8 24. Qxc7 1-0

[Event "SN-2012-0-00421"]
[Site "LSS email"]
[Date "2012.02.13"]
[Round "?"]
[White "Sas, Istvan"]
[Black "Tarasov, Grigory Aleksandrov"]
[Result "0-1"]
[WhiteElo "702"]
[BlackElo "1523"]
[PlyCount "34"]
[EventDate "2012.01.23"]
[EventType "tourn (corr)"]
[EventRounds "6"]
[EventCountry "GER"]
[SourceTitle "Corr 2015"]
[Source "ChessBase"]
[SourceDate "2015.07.17"]
[SourceVersion "1"]
[SourceVersionDate "2015.07.17"]
[SourceQuality "1"]

1. e4 e5 2. Nf3 Nc6 3. Bb5 a6 4. Bxc6 dxc6 5. Nxe5 Qd4 6. Ng4 Qxe4+ 7. Ne3 Be6 8. Nc3 Qg6 9. g3 0-0-0 10. d3 Nf6 11. a3 Bc5 12. Ng2 Bg4 13. f3 Rhe8+ 14. Ne4 Nxe4 15. fxg4 Nf2+ 16. Kf1 Nxd1 17. Bf4 Qxg4 0-1

[Event "OP-2012-0-02058"]
[Site "LSS email"]
[Date "2012.02.09"]
[Round "?"]
[White "Sas, Istvan"]
[Black "Lauer, Fredric"]
[Result "0-1"]
[WhiteElo "702"]
[BlackElo "1106"]
[PlyCount "88"]
[EventDate "2012.02.07"]
[EventType "tourn (corr)"]
[EventRounds "4"]
[EventCountry "GER"]
[SourceTitle "Telechess CBM 153"]
[Source "ChessBase"]
[SourceDate "2013.03.14"]
[SourceVersion "1"]
[SourceVersionDate "2013.03.14"]
[SourceQuality "1"]

1. e4 d5 2. e5 c5 3. d3 Nc6 4. f4 Bf5 5. Ne2 e6 6. Ng3 Bg6 7. Nc3 a6 8. a3 b5 9. Nge2 d4 10. Nb1 Be7 11. Nd2 Rc8 12. g3 h5 13. h4 Nh6 14. Bg2 Ng4 15. Nf3 0-0 16. Bh3 c4 17. Bxg4 hxg4 18. Nh2 Bf5 19. dxc4 bxc4 20. 0-0 d3 21. cxd3 cxd3 22. Nc3 Qb6+ 23. Rf2 Bc5 24. Qe1 Bxf2+ 25. Qxf2 Qxf2+ 26. Kxf2 Nd4 27. Nf1 Nf3 28. Nd2 Nd4 29. Rb1 g6 30. Nde4 Rc6 31. Ng5 d2 32. Bxd2 Bxb1 33. Nxb1 Rb8 34. b4 a5 35. Ke3 Nf5+ 36. Kf2 axb4 37. Bxb4 Rc2+ 38. Nd2 Rxb4 39. axb4 Rxd2+ 40. Ke1 Rb2 41. Ne4 Rxb4 42. Nf2 Nxg3 43. Nd3 Rb1+ 44. Kf2 Nf5 0-1

[Event "RN-2012-0-00444"]
[Site "LSS email"]
[Date "2012.01.27"]
[Round "?"]
[White "Feng, Jason"]
[Black "Sas, Istvan"]
[Result "1-0"]
[WhiteElo "849"]
[BlackElo "724"]
[PlyCount "21"]
[EventDate "2012.01.14"]
[EventType "tourn (corr)"]
[EventRounds "6"]
[EventCountry "GER"]
[SourceTitle "Corr 2015"]
[Source "ChessBase"]
[SourceDate "2015.07.17"]
[SourceVersion "1"]
[SourceVersionDate "2015.07.17"]
[SourceQuality "1"]

1. d4 d5 2. Nf3 Nc6 3. c4 e6 4. Nc3 Bb4 5. a3 Bxc3+ 6. bxc3 h6 7. e3 Nf6 8. c5 Ne4 9. Qc2 Bd7 10. Bd3 Nf6 11. 0-0 1-0

[Event "OP-2011-0-01398"]
[Site "LSS email"]
[Date "2011.02.08"]
[Round "?"]
[White "Sas, Istvan"]
[Black "Sherwood, Russell"]
[Result "0-1"]
[WhiteElo "755"]
[BlackElo "1963"]
[PlyCount "46"]
[EventDate "2011.02.03"]
[EventType "tourn (corr)"]
[EventRounds "4"]
[EventCountry "GER"]
[SourceTitle "Telechess CBM 151"]
[Source "ChessBase"]
[SourceDate "2012.11.13"]
[SourceVersion "1"]
[SourceVersionDate "2012.11.13"]
[SourceQuality "1"]

1. e4 c5 2. Nc3 Nc6 3. Nge2 d6 4. a3 e5 5. d3 Nf6 6. Ng3 Be6 7. Be3 Be7 8. Be2 0-0 9. h3 d5 10. exd5 Nxd5 11. Nxd5 Qxd5 12. c4 Qd7 13. Qc2 f5 14. Bd2 Nd4 15. Qd1 Rad8 16. Bc3 b5 17. b4 Nxe2 18. Qxe2 Qxd3 19. Qxd3 Rxd3 20. Bxe5 Bxc4 21. Nh5 Rd5 22. Bxg7 Re8 23. f3 Bh4# 0-1

[Event "ZN-2010-0-01259"]
[Site "LSS email"]
[Date "2011.01.01"]
[Round "?"]
[White "Montarolo, Luca"]
[Black "Sas, Istvan"]
[Result "0-1"]
[WhiteElo "445"]
[BlackElo "738"]
[PlyCount "42"]
[EventDate "2010.12.30"]
[EventType "match (corr)"]
[EventRounds "2"]
[EventCountry "GER"]
[SourceTitle "Telechess CBM 145"]
[Source "Chessbase"]
[SourceDate "2011.11.11"]
[SourceVersion "1"]
[SourceVersionDate "2011.11.11"]
[SourceQuality "1"]

1. e4 e5 2. Nf3 d6 3. Bc4 h6 4. 0-0 Qf6 5. Nc3 Bg4 6. d3 Qg6 7. Bd5 c6 8. Bc4 Nd7 9. h3 Be6 10. Bxe6 Qxe6 11. Be3 g5 12. g4 f6 13. b4 Be7 14. Ne2 0-0-0 15. Bxa7 b6 16. c4 h5 17. gxh5 Kb7 18. Bxb6 Nxb6 19. Nc3 Rxh5 20. Kh2 Qxh3+ 21. Kg1 Qh1# 0-1

[Event "LSS SN-2010-0-00220"]
[Site "LSS email"]
[Date "2010.02.13"]
[Round "?"]
[White "Holmquist, Marson C"]
[Black "Sas, Istvan"]
[Result "0-1"]
[WhiteElo "663"]
[BlackElo "706"]
[PlyCount "192"]
[EventDate "2010.01.21"]
[EventType "tourn (corr)"]
[EventRounds "6"]
[EventCountry "GER"]
[SourceTitle "Corr 2013"]
[Source "ChessBase"]
[SourceDate "2012.11.12"]
[SourceVersion "1"]
[SourceVersionDate "2012.11.12"]
[SourceQuality "1"]
[WhiteTeam "US of America"]
[BlackTeam "US of America"]
[WhiteTeamCountry "USA"]
[BlackTeamCountry "USA"]

1. d4 d5 2. c4 e6 3. Nc3 Bb4 4. e3 c6 5. Bd3 a6 6. Nge2 Bd6 7. a3 Nd7 8. c5 Bc7 9. 0-0 h6 10. Re1 Qh4 11. Ng3 Bxg3 12. fxg3 Qe7 13. Rf1 Ngf6 14. Qc2 e5 15. dxe5 Nxe5 16. Bd2 Qxc5 17. Bf5 Bxf5 18. Rxf5 Ned7 19. Raf1 0-0-0 20. Qb3 Rhe8 21. Rc1 Qc4 22. Qc2 d4 23. Rf4 c5 24. exd4 g5 25. Rf5 Qxd4+ 26. Kh1 b5 27. b4 Ng4 28. Rxf7 Nde5 29. Qf5+ Kb8 30. Ne4 Nxf7 31. h3 Nd6 32. Nxd6 Rxd6 33. hxg4 Qxd2 34. Rxc5 Red8 35. Qf7 R6d7 36. Qf3 Rd3 37. Qc6 R3d7 38. Qb6+ Rb7 39. Qxa6 Rd6 40. Qa5 Qd1+ 41. Kh2 Qd3 42. Re5 Rd8 43. Qa6 Qd6 44. Qa5 Qd7 45. Rf5 Qc6 46. Rc5 Qd7 47. Qa6 Qxg4 48. Rxb5 Rxb5 49. Qxb5+ Kc7 50. Qc5+ Kd7 51. Qd5+ Ke7 52. Qc5+ Rd6 53. b5 Qh5+ 54. Kg1 Qd1+ 55. Kh2 Qd5 56. Qe3+ Re6 57. Qc3 Qxb5 58. Qc7+ Qd7 59. Qc5+ Kf7 60. Qf5+ Kg7 61. a4 Qe7 62. a5 Re5 63. Qg4 Rxa5 64. Qd4+ Kg6 65. Qd3+ Kh5 66. Qf3+ g4 67. Qc3 Qa3 68. Qf6 Qc5 69. Qf1 Kg6 70. Qb1+ Kg7 71. Qb7+ Kg6 72. Qb1+ Qf5 73. Qb6+ Kg7 74. Qc7+ Kf6 75. Qb6+ Ke7 76. Qc7+ Ke8 77. Qc6+ Kd8 78. Qd6+ Kc8 79. Qc6+ Kd8 80. Qd6+ Ke8 81. Qb8+ Ke7 82. Qc7+ Qd7 83. Qc2 Rh5+ 84. Kg1 Qd4+ 85. Kf1 Rf5+ 86. Ke1 Qg1+ 87. Kd2 Rf2+ 88. Kd3 Qf1+ 89. Ke4 Rxc2 90. Kd5 Qd1+ 91. Ke5 Re2+ 92. Kf4 Qf1+ 93. Kxg4 Rxg2 94. Kh3 Qf3 95. Kh4 Qxg3+ 96. Kh5 Rh2# 0-1

[Event "LSS No Engine Cup 15 Preliminary 3"]
[Site "LSS email"]
[Date "2010.01.24"]
[Round "?"]
[White "Raines, David T"]
[Black "Sas, Istvan"]
[Result "1-0"]
[WhiteElo "1197"]
[BlackElo "702"]
[PlyCount "55"]
[EventDate "2010.01.25"]
[EventType "tourn (corr)"]
[EventRounds "6"]
[EventCountry "GER"]
[SourceTitle "Corr 2013"]
[Source "ChessBase"]
[SourceDate "2012.11.12"]
[SourceVersion "1"]
[SourceVersionDate "2012.11.12"]
[SourceQuality "1"]

1. d4 d5 2. Nf3 Nc6 3. g3 Bg4 4. Bg2 h6 5. 0-0 f6 6. Nc3 a6 7. h3 Be6 8. e4 g5 9. e5 f5 10. a3 g4 11. Nh4 Bc8 12. Re1 Be6 13. Na4 Rh7 14. hxg4 fxg4 15. Qd3 Rg7 16. Nc5 Qc8 17. Bf4 b6 18. Nxe6 Qxe6 19. Rac1 b5 20. Nf5 Rf7 21. Ne3 0-0-0 22. a4 Na7 23. b3 c6 24. c4 Qd7 25. axb5 e6 26. bxc6 Nxc6 27. cxd5 Kb7 28. dxc6+ 1-0

[Event "OP-2010-0-01051"]
[Site "LSS email"]
[Date "2010.01.18"]
[Round "?"]
[White "Sas, Istvan"]
[Black "Latta, Hynek"]
[Result "0-1"]
[WhiteElo "726"]
[BlackElo "1697"]
[PlyCount "64"]
[EventDate "2010.01.13"]
[EventType "tourn (corr)"]
[EventRounds "4"]
[EventCountry "GER"]
[SourceTitle "Telechess CBM 137"]
[Source "ChessBase"]
[SourceDate "2010.07.15"]
[SourceVersion "1"]
[SourceVersionDate "2010.07.15"]
[SourceQuality "1"]

1. e4 c6 2. d4 d5 3. e5 Bf5 4. Nc3 e6 5. g4 Bg6 6. a3 Nd7 7. h4 h5 8. g5 Ne7 9. Bd3 c5 10. Bxg6 Nxg6 11. f4 cxd4 12. Qxd4 Bc5 13. Qa4 a6 14. b4 b5 15. Qb3 Bd4 16. Nge2 Qb6 17. Nxd4 Qxd4 18. Bd2 Nxf4 19. Bxf4 Qxf4 20. Ne2 Qxe5 21. 0-0-0 Qxe2 22. Qc3 0-0 23. Rde1 Qc4 24. Qb2 Nb6 25. Rd1 Na4 26. Qb1 Nc3 27. Qb2 Nxd1 28. Kxd1 Rfc8 29. Rh2 Qg4+ 30. Re2 Rc4 31. c3 Rac8 32. Qd2 Rxc3 0-1

[Event "LSS No Engine Cup Gr11 prel 03 email"]
[Site "LSS email"]
[Date "2009.11.23"]
[Round "?"]
[White "Hierholzer, Sebastian"]
[Black "Sas, Istvan"]
[Result "1-0"]
[WhiteElo "800"]
[BlackElo "754"]
[PlyCount "95"]
[EventDate "2009.11.24"]
[EventType "tourn (corr)"]
[EventRounds "6"]
[EventCountry "GER"]
[SourceTitle "Telechess CBM 137"]
[Source "ChessBase"]
[SourceDate "2010.07.15"]
[SourceVersion "1"]
[SourceVersionDate "2010.07.15"]
[SourceQuality "1"]

1. c4 e5 2. Nc3 c6 3. Nf3 d6 4. g3 Bg4 5. Bg2 h6 6. 0-0 Nd7 7. d3 Ngf6 8. Bd2 Bxf3 9. Bxf3 Be7 10. Bg2 Qc7 11. Ne4 d5 12. Nxf6+ Bxf6 13. cxd5 cxd5 14. Bxd5 Nb6 15. Bg2 h5 16. Rc1 Qe7 17. a4 0-0 18. a5 Nd5 19. Bxd5 Rfd8 20. Bg2 Rd7 21. a6 b6 22. Bxa8 h4 23. Bc6 Rc7 24. d4 hxg3 25. hxg3 Qe6 26. Bd5 Rxc1 27. Bxe6 Rxd1 28. Bxf7+ Kxf7 29. Rxd1 exd4 30. Bb4 Ke6 31. b3 Ke5 32. e3 dxe3 33. fxe3 Ke4 34. Kf2 Be5 35. Bd2 g5 36. Rc1 Kd3 37. Rd1 Kc2 38. Ke2 Bxg3 39. b4 Bd6 40. b5 g4 41. Bc1 Bc5 42. e4 g3 43. e5 g2 44. e6 g1Q 45. Rxg1 Bxg1 46. e7 Kxc1 47. e8Q Kc2 48. Qa8 1-0

[Event "LSS No Engine Cup 11 Preliminary 3"]
[Site "LSS email"]
[Date "2009.11.23"]
[Round "?"]
[White "Sas, Istvan"]
[Black "Kepinski, Janusz"]
[Result "0-1"]
[WhiteElo "733"]
[BlackElo "1423"]
[PlyCount "32"]
[EventDate "2009.11.24"]
[EventType "tourn (corr)"]
[EventRounds "6"]
[EventCountry "GER"]
[SourceTitle "Corr 2015"]
[Source "ChessBase"]
[SourceDate "2015.07.17"]
[SourceVersion "1"]
[SourceVersionDate "2015.07.17"]
[SourceQuality "1"]

1. Nf3 d5 2. d4 Nf6 3. h3 g6 4. e3 Bg7 5. Bd3 0-0 6. Nc3 b6 7. g4 c5 8. Qe2 c4 9. Bxc4 dxc4 10. Qxc4 Ba6 11. Qb3 Bb7 12. Ke2 Bxf3+ 13. Kxf3 Nc6 14. Ne2 e5 15. Qc3 Qd5+ 16. Kg3 Ne4+ 0-1

[Event "LSS SN-2009-0-00200"]
[Site "LSS email"]
[Date "2009.11.17"]
[Round "?"]
[White "Sas, Istvan"]
[Black "Allwardt, David Lawrence"]
[Result "1-0"]
[WhiteElo "746"]
[BlackElo "802"]
[PlyCount "47"]
[EventDate "2009.10.29"]
[EventType "tourn (corr)"]
[EventRounds "6"]
[EventCountry "GER"]
[SourceTitle "Telechess CBM 137"]
[Source "ChessBase"]
[SourceDate "2010.07.15"]
[SourceVersion "1"]
[SourceVersionDate "2010.07.15"]
[SourceQuality "1"]

1. Nf3 c5 2. e4 Nc6 3. c3 e5 4. Bb5 Nf6 5. Bxc6 bxc6 6. Nxe5 Qe7 7. Nf3 Nxe4 8. 0-0 Ba6 9. Re1 Qe6 10. d3 d5 11. dxe4 dxe4 12. Ng5 Qg6 13. Rxe4+ Be7 14. Qe1 Qf6 15. Nf3 0-0 16. Rxe7 Bd3 17. Bg5 Qg6 18. Qe3 Bxb1 19. a4 f6 20. Bf4 Rfe8 21. Nd2 Bd3 22. Re1 Rxe7 23. Qxe7 Qf5 24. Be3 1-0

[Event "LSS RN-2009-0-00225"]
[Site "LSS email"]
[Date "2009.08.16"]
[Round "?"]
[White "Sas, Istvan"]
[Black "Zukan, Jakob"]
[Result "0-1"]
[WhiteElo "836"]
[BlackElo "913"]
[PlyCount "60"]
[EventDate "2009.07.19"]
[EventType "tourn (corr)"]
[EventRounds "6"]
[EventCountry "GER"]
[SourceTitle "Corr 2011"]
[Source "ChessBase"]
[SourceDate "2010.08.31"]
[SourceVersion "1"]
[SourceVersionDate "2010.08.31"]
[SourceQuality "1"]

1. Nc3 d5 2. d4 Bg4 3. h3 Bh5 4. g4 Bg6 5. f4 h6 6. Bg2 e6 7. Nf3 Be7 8. Ne5 Bh4+ 9. Kf1 Ne7 10. Be3 f5 11. Nf3 Nec6 12. g5 Bg3 13. h4 hxg5 14. Nxg5 Rxh4 15. Rxh4 Bxh4 16. Bf2 Bxg5 17. fxg5 Qxg5 18. Nb5 Qe7 19. Bg3 Na6 20. c3 Kd7 21. Qb3 f4 22. Bf2 Rh8 23. c4 Be4 24. Bg1 Qg5 25. Bxe4 dxe4 26. d5 Rh1 27. dxe6+ Ke7 28. Kf2 e3+ 29. Kf3 Rh3+ 30. Ke4 Nc5# 0-1

[Event "LSS SN-2009-0-00176"]
[Site "LSS email"]
[Date "2009.08.15"]
[Round "?"]
[White "Sas, Istvan"]
[Black "Vontina, Maria"]
[Result "0-1"]
[WhiteElo "950"]
[BlackElo "650"]
[PlyCount "106"]
[EventDate "2009.07.28"]
[EventType "tourn (corr)"]
[EventRounds "6"]
[EventCountry "GER"]
[SourceTitle "Corr 2011"]
[Source "ChessBase"]
[SourceDate "2010.08.31"]
[SourceVersion "1"]
[SourceVersionDate "2010.08.31"]
[SourceQuality "1"]

1. e4 e6 2. d4 d5 3. e5 c5 4. Nf3 Nc6 5. Bb5 Bd7 6. Bxc6 Bxc6 7. Bg5 Qc7 8. c3 cxd4 9. cxd4 Ne7 10. Bxe7 Bxe7 11. 0-0 0-0 12. a3 Rac8 13. Nc3 a6 14. Rc1 Qb6 15. b4 Bb5 16. Nxb5 Qxb5 17. Rc2 Qd7 18. Qd3 Rxc2 19. Qxc2 Rc8 20. Qd3 h6 21. h3 Qa4 22. Rb1 Qc6 23. Qd2 Qc3 24. Qxc3 Rxc3 25. Ra1 b5 26. Kf1 f6 27. Ke2 fxe5 28. Kd2 Rc4 29. dxe5 Kf7 30. Kd3 Bd8 31. Nd2 Rc8 32. Nb3 Kg6 33. Rc1 Rxc1 34. Nxc1 Kf5 35. Ne2 Kxe5 36. g3 Bb6 37. f4+ Kd6 38. g4 g6 39. h4 e5 40. g5 h5 41. Nc3 exf4 42. a4 bxa4 43. Nxa4 Bf2 44. Ke2 Bxh4 45. Kf3 Bxg5 46. Nb2 Bh6 47. Nd3 g5 48. Nc5 g4+ 49. Kg2 h4 50. Nd3 f3+ 51. Kf2 d4 52. Nc5 Be3+ 53. Kf1 g3 0-1